NHL 40+ Goal Scorers (2000-2026) - Statistics

General Stats
  • This quiz has been taken 89 times
  • The average score is 135 of 198
Answer Stats
Year Goals Team Position Player % Correct
2016-17 40 TOR C Auston Matthews
97%
2019-20 47 TOR C Auston Matthews
97%
2020-21 41 TOR C Auston Matthews
97%
2021-22 60 TOR C Auston Matthews
97%
2022-23 40 TOR C Auston Matthews
97%
2023-24 69 TOR C Auston Matthews
97%
2017-18 41 EDM C Connor McDavid
97%
2018-19 41 EDM C Connor McDavid
97%
2021-22 44 EDM C Connor McDavid
97%
2022-23 64 EDM C Connor McDavid
97%
2025-26 48 EDM C Connor McDavid
97%
2005-06 52 WSH LW Alex Ovechkin
96%
2006-07 46 WSH LW Alex Ovechkin
96%
2007-08 65 WSH LW Alex Ovechkin
96%
2008-09 56 WSH LW Alex Ovechkin
96%
2009-10 50 WSH LW Alex Ovechkin
96%
2013-14 51 WSH LW Alex Ovechkin
96%
2014-15 53 WSH LW Alex Ovechkin
96%
2015-16 50 WSH LW Alex Ovechkin
96%
2017-18 49 WSH LW Alex Ovechkin
96%
2018-19 51 WSH LW Alex Ovechkin
96%
2019-20 48 WSH LW Alex Ovechkin
96%
2021-22 50 WSH LW Alex Ovechkin
96%
2022-23 42 WSH LW Alex Ovechkin
96%
2024-25 44 WSH LW Alex Ovechkin
96%
2009-10 51 PIT C Sidney Crosby
96%
2016-17 44 PIT C Sidney Crosby
96%
2023-24 42 PIT C Sidney Crosby
96%
2018-19 50 EDM C Leon Draisaitl
94%
2019-20 43 EDM C Leon Draisaitl
94%
2021-22 55 EDM C Leon Draisaitl
94%
2022-23 52 EDM C Leon Draisaitl
94%
2023-24 41 EDM C Leon Draisaitl
94%
2024-25 52 EDM C Leon Draisaitl
94%
2018-19 41 COL C Nathan MacKinnon
94%
2022-23 42 COL C Nathan MacKinnon
94%
2023-24 51 COL C Nathan MacKinnon
94%
2025-26 53 COL C Nathan MacKinnon
94%
2009-10 51 TBL C Steven Stamkos
94%
2010-11 45 TBL C Steven Stamkos
94%
2011-12 60 TBL C Steven Stamkos
94%
2014-15 43 TBL C Steven Stamkos
94%
2018-19 45 TBL C Steven Stamkos
94%
2021-22 42 TBL C Steven Stamkos
94%
2023-24 40 TBL C Steven Stamkos
94%
2025-26 42 NSH C Steven Stamkos
94%
2007-08 47 PIT C Evgeni Malkin
93%
2011-12 50 PIT C Evgeni Malkin
93%
2017-18 42 PIT C Evgeni Malkin
93%
2016-17 40 TBL RW Nikita Kucherov
93%
2018-19 41 TBL RW Nikita Kucherov
93%
2023-24 44 TBL RW Nikita Kucherov
93%
2025-26 44 TBL RW Nikita Kucherov
93%
2019-20 48 BOS RW David Pastrnak
91%
2021-22 40 BOS RW David Pastrnak
91%
2022-23 61 BOS RW David Pastrnak
91%
2023-24 47 BOS RW David Pastrnak
91%
2024-25 43 BOS RW David Pastrnak
91%
2015-16 46 CHI RW Patrick Kane
91%
2018-19 44 CHI RW Patrick Kane
91%
2021-22 42 NSH C Filip Forsberg
90%
2023-24 48 NSH C Filip Forsberg
90%
2025-26 40 NSH C Filip Forsberg
90%
2022-23 47 BUF C Tage Thompson
90%
2024-25 44 BUF C Tage Thompson
90%
2025-26 40 BUF C Tage Thompson
90%
2025-26 51 MTL RW Cole Caufield
88%
2021-22 41 DAL LW Jason Robertson
88%
2022-23 46 DAL LW Jason Robertson
88%
2025-26 45 DAL LW Jason Robertson
88%
2025-26 45 SJS C Macklin Celebrini
88%
2023-24 49 NYR LW Artemi Panarin
87%
2021-22 47 MIN LW Kirill Kaprizov
87%
2022-23 40 MIN LW Kirill Kaprizov
87%
2023-24 46 MIN LW Kirill Kaprizov
87%
2025-26 45 MIN LW Kirill Kaprizov
87%
2022-23 40 TOR C William Nylander
85%
2023-24 40 TOR C William Nylander
85%
2024-25 45 TOR C William Nylander
85%
2018-19 41 TBL C Brayden Point
84%
2022-23 51 TBL C Brayden Point
84%
2023-24 46 TBL C Brayden Point
84%
2024-25 42 TBL C Brayden Point
84%
2022-23 42 WPG C Mark Scheifele
84%
2022-23 43 NJD C Jack Hughes
82%
2015-16 41 DAL LW Jamie Benn
82%
2018-19 47 TOR C John Tavares
82%
2000-01 52 PIT RW Jaromir Jagr
81%
2005-06 54 NYR RW Jaromir Jagr
81%
2021-22 47 WPG LW Kyle Connor
81%
2024-25 41 WPG LW Kyle Connor
81%
2025-26 42 MIN LW Matt Boldy
81%
2018-19 40 PIT C Jake Guentzel
79%
2021-22 40 PIT C Jake Guentzel
79%
2024-25 41 TBL C Jake Guentzel
79%
2021-22 42 CGY RW Matthew Tkachuk
79%
2022-23 40 FLA LW Matthew Tkachuk
79%
2022-23 55 COL RW Mikko Rantanen
79%
2023-24 42 COL RW Mikko Rantanen
79%
2023-24 57 FLA C Sam Reinhart
79%
2010-11 41 VAN LW Daniel Sedin
76%
2006-07 43 TBL RW Martin St. Louis
76%
2025-26 45 DAL C Wyatt Johnston
76%
2010-11 50 ANA RW Corey Perry
75%
2013-14 43 ANA RW Corey Perry
75%
2000-01 54 COL C Joe Sakic
75%
2023-24 54 EDM LW Zach Hyman
75%
2018-19 41 CHI RW Alex DeBrincat
72%
2021-22 41 CHI RW Alex DeBrincat
72%
2025-26 41 DET RW Alex DeBrincat
72%
2019-20 41 NYR C Mika Zibanejad
72%
2025-26 41 ANA LW Cutter Gauthier
70%
2017-18 43 VEG C William Karlsson
70%
2001-02 52 CGY RW Jarome Iginla
69%
2003-04 41 CGY RW Jarome Iginla
69%
2007-08 50 CGY RW Jarome Iginla
69%
2010-11 43 CGY RW Jarome Iginla
69%
2021-22 40 CGY LW Johnny Gaudreau
69%
2017-18 40 DAL C Tyler Seguin
69%
2021-22 52 NYR LW Chris Kreider
66%
2022-23 41 LAK LW Adrian Kempe
64%
2025-26 40 UTA RW Dylan Guenther
64%
2015-16 40 STL RW Vladimir Tarasenko
61%
2005-06 43 OTT RW Daniel Alfredsson
60%
2007-08 40 OTT RW Daniel Alfredsson
60%
2023-24 42 VEG C Jonathan Marchessault
60%
2009-10 44 SJS C Patrick Marleau
60%
2017-18 44 WPG RW Patrik Laine
60%
2013-14 41 SJS C Joe Pavelski
58%
2003-04 41 CBJ LW Rick Nash
58%
2008-09 40 CBJ LW Rick Nash
58%
2014-15 42 NYR LW Rick Nash
58%
2006-07 52 TBL C Vincent Lecavalier
58%
2007-08 40 TBL C Vincent Lecavalier
58%
2023-24 40 VAN RW Brock Boeser
57%
2000-01 59 FLA RW Pavel Bure
57%
2005-06 45 CAR C Eric Staal
54%
2008-09 40 CAR C Eric Staal
54%
2017-18 42 MIN C Eric Staal
54%
2003-04 41 ATL LW Ilya Kovalchuk
54%
2005-06 52 ATL LW Ilya Kovalchuk
54%
2006-07 42 ATL LW Ilya Kovalchuk
54%
2007-08 52 ATL LW Ilya Kovalchuk
54%
2008-09 43 ATL LW Ilya Kovalchuk
54%
2009-10 41 ATL/NJD LW Ilya Kovalchuk
54%
2022-23 40 SEA C Jared McCann
54%
2005-06 40 MDA RW Teemu Selanne
51%
2006-07 48 ANA RW Teemu Selanne
51%
2007-08 43 DET LW Henrik Zetterberg
49%
2022-23 40 NJD/SJS RW Timo Meier
49%
2017-18 40 NYI LW Anders Lee
48%
2002-03 45 OTT RW Marian Hossa
48%
2006-07 43 ATL RW Marian Hossa
48%
2008-09 40 DET RW Marian Hossa
48%
2002-03 41 ATL RW Dany Heatley
46%
2005-06 50 OTT LW Dany Heatley
46%
2006-07 50 OTT RW Dany Heatley
46%
2007-08 41 OTT LW Dany Heatley
46%
2005-06 56 SJS RW Jonathan Cheechoo
43%
2021-22 43 NSH C Matt Duchene
42%
2000-01 40 NJD LW Patrik Elias
42%
2007-08 42 MIN RW Marian Gaborik
40%
2009-10 42 NYR RW Marian Gaborik
40%
2011-12 41 NYR RW Marian Gaborik
40%
2008-09 45 NJD LW Zach Parise
40%
2022-23 42 FLA C Carter Verhaeghe
39%
2001-02 41 TOR C Mats Sundin
36%
2010-11 41 VAN C Ryan Kesler
36%
2000-01 41 VAN RW Markus Naslund
34%
2001-02 40 VAN LW Markus Naslund
34%
2002-03 48 VAN LW Markus Naslund
34%
2000-01 41 COL RW Milan Hejduk
33%
2002-03 50 COL RW Milan Hejduk
33%
2009-10 40 WSH LW Alexander Semin
30%
2021-22 42 CGY C Elias Lindholm
30%
2011-12 40 PIT LW James Neal
30%
2008-09 46 PHI C Jeff Carter
30%
2018-19 40 BUF C Jeff Skinner
28%
2000-01 44 PIT RW Alex Kovalev
24%
2018-19 41 CBJ RW Cam Atkinson
22%
2005-06 40 DET LW Brendan Shanahan
18%
2000-01 45 WSH LW Peter Bondra
18%
2006-07 43 BUF LW Thomas Vanek
18%
2008-09 40 BUF LW Thomas Vanek
18%
2005-06 47 PHI LW Simon Gagne
16%
2006-07 41 PHI LW Simon Gagne
16%
2000-01 43 NJD RW Alexander Mogilny
13%
2005-06 48 NJD RW Brian Gionta
13%
2002-03 46 VAN RW Todd Bertuzzi
13%
2000-01 40 OTT C Alexei Yashin
10%
2006-07 40 NYI LW Jason Blake
10%
2000-01 40 BOS/EDM RW Bill Guerin
6%
2001-02 41 BOS RW Bill Guerin
6%
2007-08 43 STL RW Brad Boyes
6%
2000-01 41 CAR RW Jeff O'Neill
6%
2001-02 41 BOS/LAK RW Glen Murray
4%
2002-03 44 BOS RW Glen Murray
4%
2000-01 40 STL RW Scott Young
3%
No matching quizzes found
Score Distribution
Percent of People with Each Score
Percentile by Number Answered
Your Score History
You have not taken this quiz